000 01572cam a2200301 4500
005 20160627093818.0
008 091020s2008 ck abd r 000 0 spa d
020 _a9789589871713
040 _aCO-BoPUJ
_cCO-BoIAVH
_dCO-BoIAVH
041 0 _aspa
044 _ack
082 0 4 _a333.72
_bH67a
245 0 0 _aHistoria ambiental de Bogotá y la Sabana, 1850-2005 /
_cMargarita Flora Ruiz Soto [y otros 8] ; editor Germán Palacio Castañeda
260 _aLeticia, Colombia :
_bUniversidad Nacional de Colombia :
_bInstituto Amazónico de Investigaciones IMANI,
_c2008.
300 _a345 páginas :
_bilustraciones, gráficas y mapas,
_c24 x 20 cm.
504 _aIncluye referencias bibliográficas.
650 1 6 _aProtección ambiental
_xHistoria
_zBogotá (Colombia)
_y1850-2005
650 2 6 _aMedio ambiente
_xHistoria
_zBogotá (Colombia)
_y1850-2005
650 2 4 _aConservación del medio ambiente
_xHistoria
_zBogotá (Colombia)
_y1850-2005
650 2 6 _aConservación de los recursos
_xHistoria
_zBogotá (Colombia)
_y1850-2005
650 2 6 _aDesarrollo rural
_zBogotá (Colombia)
_y1850-2005
650 2 6 _aProtección ambiental
_xHistoria
_zSabana de Bogotá (Colombia)
_y1850-2005
650 2 6 _aMedio ambiente
_xHistoria
_zSabana de Bogotá (Colombia)
_y1850-2005
650 2 4 _aConservación del medio ambiente
_xHistoria
_zSabana de Bogotá (Colombia)
_y1850-2005
700 1 _aRuiz Soto, Margarita Flora
_eautora
700 1 _aPalacio-Castañeda, Germán Alfonso
_d1948 -
_eeditor
942 _2ddc
_cLIBRO
999 _c18828
_d18828